[Event "Sainte Adele Superfest U2000"]
[Site "Sainte Adele CAN"]
[Date "2012.08.12"]
[Round "2"]
[White "Marghetis, Aris"]
[Black "Duplessis, Jean-Roch"]
[Result "1/2-1/2"]
[WhiteElo "1923"]
[BlackElo "1676"]
[PlyCount "56"]
[GameId "2160767909445504"]
[EventDate "2012.08.15"]
[EventType "swiss"]
[EventRounds "5"]
[EventCountry "CAN"]
[SourceTitle "EXT 2022"]
[Source "ChessBase"]
[SourceDate "2021.10.06"]
[SourceVersion "1"]
[SourceVersionDate "2021.10.06"]
[SourceQuality "1"]

1. e4 c5 2. Nc3 e6 3. g3 d5 4. exd5 exd5 5. Bg2 Nf6 6. d4 Nc6 7. dxc5 Bxc5 8. Nxd5 Nxd5 9. Qxd5 Qxd5 10. Bxd5 Nd4 11. Be4 O-O 12. Kf1 Re8 13. f3 Bd7 14. c3 Rxe4 15. fxe4 Nc2 16. Rb1 Re8 17. h4 Rxe4 18. Nf3 Bb5+ 19. Kg2 Re2+ 20. Kh3 Bd7+ 21. g4 h5 22. Ng1 Bxg4+ 23. Kg3 Re1 24. Kg2 Bf5 25. Nf3 Re2+ 26. Kg3 Be4 27. Rf1 Bd3 28. Bf4 Re6 1/2-1/2

[Event "Sainte Adele Superfest U2000"]
[Site "Sainte Adele CAN"]
[Date "2012.08.16"]
[Round "2"]
[White "Bevand, Larry"]
[Black "Cetta, Andrea"]
[Result "0-1"]
[WhiteElo "1953"]
[BlackElo "1839"]
[PlyCount "65"]
[GameId "2160767909445505"]
[EventDate "2012.08.15"]
[EventType "swiss"]
[EventRounds "5"]
[EventCountry "CAN"]
[SourceTitle "EXT 2022"]
[Source "ChessBase"]
[SourceDate "2021.10.06"]
[SourceVersion "1"]
[SourceVersionDate "2021.10.06"]
[SourceQuality "1"]

1. e4 c5 2. Nc3 Nc6 3. d3 g6 4. Be3 d6 5. Qd2 Bg7 6. g3 e6 7. Bg2 h6 8. f4 Nge7 9. Nf3 Nd4 10. Nd1 Rb8 11. c3 Nxf3+ 12. Bxf3 b5 13. d4 cxd4 14. Bxd4 Bxd4 15. Qxd4 O-O 16. Qxa7 Nc6 17. Qf2 e5 18. Ne3 b4 19. O-O bxc3 20. bxc3 Qa5 21. Rfd1 Qa3 22. Rd2 Qxc3 23. Rad1 Nd4 24. Bg2 Rd8 25. fxe5 dxe5 26. Nd5 Qc5 27. Qf6 Be6 28. Ne7+ Kh7 29. Kh1 Rd7 30. Nd5 Qd6 31. Qf2 Rdb7 32. Nf4 Bg4 33. Rxd4 0-1

[Event "Sainte Adele Superfest U2000"]
[Site "Sainte Adele CAN"]
[Date "2012.08.16"]
[Round "2"]
[White "Bluteau, Yvon"]
[Black "Maheux, Pierre"]
[Result "1/2-1/2"]
[WhiteElo "1862"]
[BlackElo "1894"]
[PlyCount "65"]
[GameId "2160767909445506"]
[EventDate "2012.08.15"]
[EventType "swiss"]
[EventRounds "5"]
[EventCountry "CAN"]
[SourceTitle "EXT 2022"]
[Source "ChessBase"]
[SourceDate "2021.10.06"]
[SourceVersion "1"]
[SourceVersionDate "2021.10.06"]
[SourceQuality "1"]

1. d4 c5 2. d5 e5 3. e4 d6 4. Nc3 a6 5. a4 f5 6. Bd3 f4 7. h4 Be7 8. Bd2 Nf6 9. Qe2 Bg4 10. f3 Bh5 11. Qf2 Nbd7 12. Nge2 Rc8 13. Bc4 O-O 14. g4 fxg3 15. Qxg3 Be8 16. O-O-O Nb6 17. Ba2 Nxa4 18. Nxa4 Bxa4 19. h5 Rf7 20. Rdg1 c4 21. Qg2 Bd7 22. c3 Qa5 23. Bb1 Qa1 24. Ng3 Ba4 25. Nf5 Kh8 26. Nxe7 Rxe7 27. Bg5 Rf8 28. Rh3 Bb3 29. Rg3 Ba2 30. Qc2 Bb3 31. Qg2 Ba2 32. Qc2 Bb3 33. Qg2 1/2-1/2

[Event "Sainte Adele Superfest U2000"]
[Site "Sainte Adele CAN"]
[Date "2012.08.16"]
[Round "2"]
[White "Gedajlovic, Max"]
[Black "Shi, Ling Yun"]
[Result "1/2-1/2"]
[WhiteElo "1823"]
[BlackElo "1562"]
[PlyCount "100"]
[GameId "2160767909445507"]
[EventDate "2012.08.15"]
[EventType "swiss"]
[EventRounds "5"]
[EventCountry "CAN"]
[SourceTitle "EXT 2022"]
[Source "ChessBase"]
[SourceDate "2021.10.06"]
[SourceVersion "1"]
[SourceVersionDate "2021.10.06"]
[SourceQuality "1"]

1. d4 d5 2. c4 e6 3. Nc3 Nf6 4. Bg5 Be7 5. Nf3 O-O 6. e3 Nbd7 7. Rc1 b6 8. cxd5 exd5 9. Be2 Bb7 10. O-O c6 11. Ne1 Ne4 12. Bxe7 Qxe7 13. Qc2 Ndf6 14. Nd3 Nxc3 15. bxc3 Ne4 16. c4 Rac8 17. Ne5 f6 18. Nf3 g6 19. Qa4 Ba8 20. Rc2 Kg7 21. cxd5 cxd5 22. Rfc1 Nd6 23. Qa3 Rxc2 24. Rxc2 Rc8 25. Rxc8 Nxc8 26. Qc1 Qd7 27. h3 Qc6 28. Qa3 Qd6 29. Qa6 Qc7 30. Qa3 Qd6 31. Qb2 Qc7 32. Nd2 Nd6 33. Qa3 Kf7 34. f3 Nf5 35. Qd3 Ng3 36. Nb3 Nxe2+ 37. Qxe2 Qc4 38. Kf2 Qxe2+ 39. Kxe2 Ke6 40. Kd3 f5 41. g4 Bc6 42. Ke2 a5 43. Kf2 Ba4 44. Nc1 Bb5 45. g5 Bc4 46. f4 Kd6 47. Ke1 Kc6 48. Kd2 Kb5 49. Kc3 Kc6 50. Kb2 b5 1/2-1/2

[Event "Sainte Adele Superfest U2000"]
[Site "Sainte Adele CAN"]
[Date "2012.08.16"]
[Round "2"]
[White "Vanden, Ronald E"]
[Black "Touboul, Bertrand"]
[Result "1/2-1/2"]
[WhiteElo "1707"]
[BlackElo "1725"]
[PlyCount "100"]
[GameId "2160767909445508"]
[EventDate "2012.08.15"]
[EventType "swiss"]
[EventRounds "5"]
[EventCountry "CAN"]
[SourceTitle "EXT 2022"]
[Source "ChessBase"]
[SourceDate "2021.10.06"]
[SourceVersion "1"]
[SourceVersionDate "2021.10.06"]
[SourceQuality "1"]

1. c4 c6 2. g3 d5 3. Nf3 Nf6 4. Bg2 e6 5. b3 Be7 6. Bb2 O-O 7. O-O Nbd7 8. Nc3 b6 9. d4 Ba6 10. Nd2 Rc8 11. Re1 Qc7 12. e4 dxe4 13. Ndxe4 Rfd8 14. Qc2 Bb7 15. Rad1 c5 16. Nb5 Qb8 17. dxc5 Nxe4 18. Bxe4 Bxe4 19. Qxe4 Nxc5 20. Qg4 Bf8 21. Qf3 a6 22. Nc3 Be7 23. Ne4 Qa8 24. Qg4 Bf8 25. Nxc5 Rxc5 26. Rxd8 Qxd8 27. Rd1 Qc8 28. Bd4 Rc6 29. a4 h6 30. Be3 g6 31. Qh4 Qc7 32. Qd8 Qxd8 33. Rxd8 Kg7 34. Bxh6+ Kxh6 35. Rxf8 Kg7 36. Ra8 a5 37. Kf1 Rd6 38. Ke2 Kf6 39. Ra7 e5 40. h4 Ke6 41. Rc7 f5 42. c5 bxc5 43. Rxc5 Rb6 44. Rxa5 Rxb3 45. Ra6+ Kf7 46. Ra7+ Kf6 47. Ra6+ Kg7 48. a5 Rb2+ 49. Ke1 Rb1+ 50. Ke2 Rb2+ 1/2-1/2

[Event "Sainte Adele Superfest U2000"]
[Site "Sainte Adele CAN"]
[Date "2012.08.17"]
[Round "2"]
[White "Giroux, Robert"]
[Black "Brule, Daniel"]
[Result "1-0"]
[WhiteElo "1870"]
[BlackElo "1513"]
[PlyCount "57"]
[GameId "2160767909445509"]
[EventDate "2012.08.15"]
[EventType "swiss"]
[EventRounds "5"]
[EventCountry "CAN"]
[SourceTitle "EXT 2022"]
[Source "ChessBase"]
[SourceDate "2021.10.06"]
[SourceVersion "1"]
[SourceVersionDate "2021.10.06"]
[SourceQuality "1"]

1. d4 e6 2. e4 b6 3. Bd3 Bb7 4. Nf3 Be7 5. Qe2 Nf6 6. O-O O-O 7. c4 d6 8. Nc3 Nbd7 9. h3 c5 10. d5 exd5 11. exd5 Re8 12. Qc2 Ne5 13. Nxe5 dxe5 14. f4 Bd6 15. fxe5 Bxe5 16. Bd2 Bd4+ 17. Kh1 Nh5 18. Bxh7+ Kh8 19. Rf3 Qh4 20. Qd3 Re5 21. Ne2 Rae8 22. Nxd4 cxd4 23. Bf5 Rxf5 24. Qxf5 Ng3+ 25. Rxg3 Qxg3 26. Qxf7 Qb8 27. Rf1 Ba6 28. Rf5 Re5 29. Qh5+ 1-0

[Event "Sainte Adele Superfest U2000"]
[Site "Sainte Adele CAN"]
[Date "2012.08.17"]
[Round "2"]
[White "Plante, Marc-Eric"]
[Black "Villeneuve, Robert"]
[Result "1/2-1/2"]
[WhiteElo "1704"]
[BlackElo "1886"]
[PlyCount "47"]
[GameId "2160767909445510"]
[EventDate "2012.08.15"]
[EventType "swiss"]
[EventRounds "5"]
[EventCountry "CAN"]
[SourceTitle "EXT 2022"]
[Source "ChessBase"]
[SourceDate "2021.10.06"]
[SourceVersion "1"]
[SourceVersionDate "2021.10.06"]
[SourceQuality "1"]

1. e4 c5 2. Nf3 d6 3. d4 cxd4 4. Nxd4 Nf6 5. Nc3 g6 6. Be3 Bg7 7. f3 Nc6 8. Qd2 O-O 9. Bc4 Bd7 10. O-O-O Rc8 11. Bb3 Ne5 12. h4 h5 13. Bh6 Nc4 14. Bxc4 Rxc4 15. Bxg7 Kxg7 16. g4 hxg4 17. h5 Rh8 18. hxg6 fxg6 19. f4 e5 20. fxe5 dxe5 21. Nde2 Rh3 22. Rhf1 Rf3 23. Rh1 Rh3 24. Rhf1 1/2-1/2

[Event "Sainte Adele Superfest U2000"]
[Site "Sainte Adele CAN"]
[Date "2012.08.17"]
[Round "3"]
[White "Brule, Daniel"]
[Black "Girard, Sylvain"]
[Result "0-1"]
[WhiteElo "1513"]
[BlackElo "1659"]
[PlyCount "46"]
[GameId "2160767909445511"]
[EventDate "2012.08.15"]
[EventType "swiss"]
[EventRounds "5"]
[EventCountry "CAN"]
[SourceTitle "EXT 2022"]
[Source "ChessBase"]
[SourceDate "2021.10.06"]
[SourceVersion "1"]
[SourceVersionDate "2021.10.06"]
[SourceQuality "1"]

1. d4 Nf6 2. c4 g6 3. Nf3 d5 4. g3 Bg7 5. Bg2 O-O 6. O-O c6 7. cxd5 cxd5 8. Nc3 Nc6 9. a3 Bd7 10. Ne5 Be8 11. Be3 Rc8 12. f4 e6 13. h3 Na5 14. Rc1 Nd7 15. b4 Nc4 16. Nxc4 Rxc4 17. Nb5 Nb6 18. Rxc4 Nxc4 19. Bf2 Bxb5 20. a4 Bd7 21. e4 dxe4 22. Bxe4 Bc6 23. Bc2 Qd5 0-1

[Event "Sainte Adele Superfest U2000"]
[Site "Sainte Adele CAN"]
[Date "2012.08.17"]
[Round "3"]
[White "Cetta, Andrea"]
[Black "Giroux, Robert"]
[Result "1/2-1/2"]
[WhiteElo "1839"]
[BlackElo "1870"]
[PlyCount "43"]
[GameId "2160767909445512"]
[EventDate "2012.08.15"]
[EventType "swiss"]
[EventRounds "5"]
[EventCountry "CAN"]
[SourceTitle "EXT 2022"]
[Source "ChessBase"]
[SourceDate "2021.10.06"]
[SourceVersion "1"]
[SourceVersionDate "2021.10.06"]
[SourceQuality "1"]

1. d4 Nf6 2. c4 e6 3. Nc3 Bb4 4. f3 O-O 5. e4 c5 6. a3 Bxc3+ 7. bxc3 d6 8. Bd3 e5 9. d5 Ne8 10. Ne2 Qh4+ 11. Ng3 g6 12. O-O Nd7 13. f4 exf4 14. Rxf4 Qe7 15. Qf1 Ne5 16. Bc2 f6 17. a4 Ng7 18. a5 Bd7 19. Rb1 Rab8 20. Bd2 g5 21. Rf2 Be8 22. Qe2 1/2-1/2

[Event "Sainte Adele Superfest U2000"]
[Site "Sainte Adele CAN"]
[Date "2012.08.17"]
[Round "3"]
[White "Duplessis, Jean-Roch"]
[Black "Gedajlovic, Max"]
[Result "1/2-1/2"]
[WhiteElo "1676"]
[BlackElo "1823"]
[PlyCount "47"]
[GameId "2160767909445513"]
[EventDate "2012.08.15"]
[EventType "swiss"]
[EventRounds "5"]
[EventCountry "CAN"]
[SourceTitle "EXT 2022"]
[Source "ChessBase"]
[SourceDate "2021.10.06"]
[SourceVersion "1"]
[SourceVersionDate "2021.10.06"]
[SourceQuality "1"]

1. e4 c5 2. Nf3 d6 3. Bb5+ Bd7 4. Bxd7+ Qxd7 5. O-O Nc6 6. d4 cxd4 7. Nxd4 Nf6 8. Nc3 g6 9. h3 Bg7 10. Nxc6 Qxc6 11. Re1 O-O 12. Bg5 Rfe8 13. Nd5 Nxd5 14. exd5 Qc7 15. c3 h6 16. Be3 Qc4 17. Qb3 b5 18. Rad1 a5 19. Bd4 Qxb3 20. axb3 Bxd4 21. Rxd4 Kf8 22. Rde4 Rac8 23. Ra1 Ra8 24. Kf1 1/2-1/2

[Event "Sainte Adele Superfest U2000"]
[Site "Sainte Adele CAN"]
[Date "2012.08.17"]
[Round "3"]
[White "Maheux, Pierre"]
[Black "Plante, Marc-Eric"]
[Result "1-0"]
[WhiteElo "1894"]
[BlackElo "1704"]
[PlyCount "37"]
[GameId "2160767909445514"]
[EventDate "2012.08.15"]
[EventType "swiss"]
[EventRounds "5"]
[EventCountry "CAN"]
[SourceTitle "EXT 2022"]
[Source "ChessBase"]
[SourceDate "2021.10.06"]
[SourceVersion "1"]
[SourceVersionDate "2021.10.06"]
[SourceQuality "1"]

1. e4 e5 2. Nf3 Nf6 3. Nxe5 d6 4. Nf3 Nxe4 5. d4 d5 6. Bd3 Bd6 7. O-O O-O 8. Nc3 Nxc3 9. bxc3 Bg4 10. h3 Bh5 11. c4 c6 12. c5 Bc7 13. g4 Bg6 14. Bg5 Qc8 15. Re1 f5 16. Nh4 fxg4 17. Bxg6 gxh3 18. Bxh7+ Kxh7 19. Qh5+ 1-0

[Event "Sainte Adele Superfest U2000"]
[Site "Sainte Adele CAN"]
[Date "2012.08.17"]
[Round "3"]
[White "Shi, Ling Yun"]
[Black "Vanden, Ronald E"]
[Result "1-0"]
[WhiteElo "1562"]
[BlackElo "1707"]
[PlyCount "123"]
[GameId "2160767909445515"]
[EventDate "2012.08.15"]
[EventType "swiss"]
[EventRounds "5"]
[EventCountry "CAN"]
[SourceTitle "EXT 2022"]
[Source "ChessBase"]
[SourceDate "2021.10.06"]
[SourceVersion "1"]
[SourceVersionDate "2021.10.06"]
[SourceQuality "1"]

1. e4 Nf6 2. Nc3 e5 3. Nf3 Nc6 4. Bc4 Bc5 5. O-O O-O 6. d3 d6 7. Bg5 Be6 8. Bxe6 fxe6 9. Na4 Bb6 10. Nxb6 axb6 11. Re1 Ra5 12. Bd2 Ra8 13. c3 Qe8 14. Re2 Nd7 15. d4 Kh8 16. d5 exd5 17. exd5 Na5 18. b3 b5 19. Nd4 Nf6 20. Ne6 Rf7 21. Bg5 Qd7 22. Bxf6 gxf6 23. Re4 c6 24. c4 bxc4 25. b4 cxd5 26. Qxd5 Nb3 27. Rd1 Rxa2 28. Rxc4 Re7 29. Qd3 Qxe6 30. Qxb3 Ra6 31. Qc3 Qd7 32. Rc8+ Re8 33. Rc7 Qa4 34. Qd3 e4 35. Qd4 Re5 36. Rxb7 Re6 37. Rc1 Rc6 38. Ra1 Qa3 39. Qd1 Qc3 40. Rb8+ Rc8 41. Raa8 Ree8 42. Rxc8 Rxc8 43. Rxc8+ Qxc8 44. g3 Qb8 45. Qd4 Kg7 46. Qxe4 Qb5 47. Qe7+ Kg6 48. Qxd6 Kg7 49. Qc7+ Kg6 50. Qc2+ Kg7 51. Qe4 Kg8 52. Qg4+ Kf7 53. Qh4 Qd3 54. Qh5+ Kg7 55. Qg4+ Kf7 56. Kg2 Qd5+ 57. Qf3 Qb5 58. Qe4 Kg7 59. h4 f5 60. Qe7+ Kh6 61. Qf6+ Kh5 62. Qg5# 1-0

[Event "Sainte Adele Superfest U2000"]
[Site "Sainte Adele CAN"]
[Date "2012.08.17"]
[Round "3"]
[White "Touboul, Bertrand"]
[Black "Marghetis, Aris"]
[Result "1-0"]
[WhiteElo "1725"]
[BlackElo "1923"]
[PlyCount "75"]
[GameId "2160767909445516"]
[EventDate "2012.08.15"]
[EventType "swiss"]
[EventRounds "5"]
[EventCountry "CAN"]
[SourceTitle "EXT 2022"]
[Source "ChessBase"]
[SourceDate "2021.10.06"]
[SourceVersion "1"]
[SourceVersionDate "2021.10.06"]
[SourceQuality "1"]

1. e4 d6 2. d4 Nf6 3. Nc3 g6 4. f3 Bg7 5. Be3 Nbd7 6. Qd2 c5 7. Nge2 cxd4 8. Nxd4 Ne5 9. Bh6 O-O 10. O-O-O a6 11. g4 b5 12. Kb1 Bb7 13. h4 Rc8 14. Bxg7 Kxg7 15. h5 Rh8 16. Be2 Qa5 17. Nb3 Qb6 18. g5 Nxh5 19. f4 Nc4 20. Bxc4 Rxc4 21. Rxh5 gxh5 22. Qe2 a5 23. f5 a4 24. Nd2 Rc5 25. Qxh5 h6 26. f6+ exf6 27. gxf6+ Kf8 28. Nd5 Bxd5 29. exd5 Qb7 30. Ne4 Qd7 31. Nxc5 dxc5 32. Re1 Qd6 33. Qf5 Qd8 34. d6 Rg8 35. d7 Rg6 36. Re8+ Qxe8 37. dxe8=Q+ Kxe8 38. Qc8# 1-0

[Event "Sainte Adele Superfest U2000"]
[Site "Sainte Adele CAN"]
[Date "2012.08.17"]
[Round "3"]
[White "Villeneuve, Robert"]
[Black "Bluteau, Yvon"]
[Result "1-0"]
[WhiteElo "1886"]
[BlackElo "1862"]
[PlyCount "159"]
[GameId "2160767909445517"]
[EventDate "2012.08.15"]
[EventType "swiss"]
[EventRounds "5"]
[EventCountry "CAN"]
[SourceTitle "EXT 2022"]
[Source "ChessBase"]
[SourceDate "2021.10.06"]
[SourceVersion "1"]
[SourceVersionDate "2021.10.06"]
[SourceQuality "1"]

1. e4 c5 2. Nf3 Nf6 3. e5 Nd5 4. Nc3 Nxc3 5. bxc3 d5 6. d4 c4 7. Ng5 h6 8. Nf3 g6 9. Nh4 Bg7 10. f4 Nc6 11. Be2 e6 12. g3 Bd7 13. Ng2 h5 14. Bf3 Bf8 15. f5 gxf5 16. Bxh5 Qa5 17. Bd2 Rh7 18. O-O O-O-O 19. g4 fxg4 20. Qxg4 Rg7 21. Qh3 Nxd4 22. Bh6 Rxg2+ 23. Qxg2 Bxh6 24. cxd4 Be3+ 25. Kh1 Bxd4 26. Rae1 Qc3 27. Bxf7 Bxe5 28. Qe2 Bc7 29. Bxe6 Bxe6 30. Qxe6+ Kb8 31. Qe7 Qxc2 32. Re2 Qg6 33. Rf8 Qb1+ 34. Kg2 Qg6+ 35. Kh1 Qb6 36. Rxd8+ Bxd8 37. Qe5+ Kc8 38. Qxd5 Qb1+ 39. Kg2 Qg6+ 40. Kf1 Qb1+ 41. Kg2 Qg6+ 42. Kf3 Qf6+ 43. Kg2 c3 44. Qc4+ Kb8 45. Re6 Qg5+ 46. Kf3 Qh5+ 47. Kg2 Qg5+ 48. Kf3 Qf5+ 49. Kg2 a6 50. Re2 Qg5+ 51. Kf3 Qh5+ 52. Kg2 Bc7 53. h3 Qg6+ 54. Kh1 Qb1+ 55. Kg2 Qg6+ 56. Kh1 Qg3 57. Qg4 Qd3 58. Qg8+ Ka7 59. Qg2 Qd1+ 60. Qg1+ Qxg1+ 61. Kxg1 b5 62. Kf1 Kb6 63. Ke1 Kc5 64. Kd1 b4 65. Kc2 a5 66. h4 a4 67. h5 Bf4 68. Re4 Bh6 69. Rg4 Bd2 70. Rh4 Bh6 71. Rg4 Bd2 72. Rg2 Bf4 73. Kd3 Bc1 74. Rg4 Kb5 75. Re4 Bd2 76. Re5+ Kb6 77. h6 b3 78. axb3 axb3 79. h7 c2 80. Kxd2 1-0

[Event "Sainte Adele Superfest U2000"]
[Site "Sainte Adele CAN"]
[Date "2012.08.18"]
[Round "4"]
[White "Bluteau, Yvon"]
[Black "Plante, Marc-Eric"]
[Result "1-0"]
[WhiteElo "1862"]
[BlackElo "1704"]
[PlyCount "43"]
[GameId "2160767909445518"]
[EventDate "2012.08.15"]
[EventType "swiss"]
[EventRounds "5"]
[EventCountry "CAN"]
[SourceTitle "EXT 2022"]
[Source "ChessBase"]
[SourceDate "2021.10.06"]
[SourceVersion "1"]
[SourceVersionDate "2021.10.06"]
[SourceQuality "1"]

1. d4 f5 2. Nf3 Nf6 3. g3 e6 4. Bg2 Be7 5. c4 O-O 6. O-O d6 7. Nc3 Nbd7 8. Qc2 Nb6 9. b3 Qe8 10. e4 Nxe4 11. Nxe4 fxe4 12. Qxe4 Qh5 13. h4 a5 14. Ng5 Bxg5 15. Bxg5 h6 16. Be3 Qf5 17. Rac1 Nd7 18. Rc3 e5 19. Rfc1 exd4 20. Bxd4 Nc5 21. Qe7 Qd7 22. Bd5+ 1-0

[Event "Sainte Adele Superfest U2000"]
[Site "Sainte Adele CAN"]
[Date "2012.08.18"]
[Round "4"]
[White "Duplessis, Jean-Roch"]
[Black "Cetta, Andrea"]
[Result "1/2-1/2"]
[WhiteElo "1676"]
[BlackElo "1839"]
[PlyCount "47"]
[GameId "2160767909445519"]
[EventDate "2012.08.15"]
[EventType "swiss"]
[EventRounds "5"]
[EventCountry "CAN"]
[SourceTitle "EXT 2022"]
[Source "ChessBase"]
[SourceDate "2021.10.06"]
[SourceVersion "1"]
[SourceVersionDate "2021.10.06"]
[SourceQuality "1"]

1. e4 c5 2. Nf3 Nc6 3. Bb5 g6 4. O-O Bg7 5. c3 Nh6 6. d4 cxd4 7. cxd4 Qb6 8. Nc3 f6 9. h3 Nf7 10. Be3 Qc7 11. Rc1 a6 12. Bxc6 dxc6 13. Na4 O-O 14. Qb3 e5 15. d5 Bd7 16. Rfd1 Rfe8 17. Bb6 Qc8 18. Ba5 Ra7 19. Nb6 Qc7 20. Nc4 Qc8 21. Bb6 Ra8 22. Be3 Qc7 23. Bb6 Qc8 24. Be3 1/2-1/2

[Event "Sainte Adele Superfest U2000"]
[Site "Sainte Adele CAN"]
[Date "2012.08.18"]
[Round "4"]
[White "Gedajlovic, Max"]
[Black "Touboul, Bertrand"]
[Result "1-0"]
[WhiteElo "1823"]
[BlackElo "1725"]
[PlyCount "95"]
[GameId "2160767909445520"]
[EventDate "2012.08.15"]
[EventType "swiss"]
[EventRounds "5"]
[EventCountry "CAN"]
[SourceTitle "EXT 2022"]
[Source "ChessBase"]
[SourceDate "2021.10.06"]
[SourceVersion "1"]
[SourceVersionDate "2021.10.06"]
[SourceQuality "1"]

1. d4 d6 2. c4 g6 3. Nc3 Bg7 4. e4 Nc6 5. Be3 e5 6. d5 Nce7 7. f3 f5 8. Qd2 Bd7 9. Nge2 Nf6 10. Bh6 O-O 11. Bxg7 Kxg7 12. O-O-O a6 13. h3 Ne8 14. g4 f4 15. Nb1 h6 16. h4 b5 17. c5 dxc5 18. Qc3 Kh7 19. Qxe5 b4 20. Nxf4 Nd6 21. Ne6 Bxe6 22. dxe6 Rxf3 23. Qxc5 Qf8 24. Nd2 Rf4 25. Bh3 Qg7 26. Rhf1 Raf8 27. Rxf4 Rxf4 28. Qxc7 Nec8 29. Qxg7+ Kxg7 30. e5 Ne8 31. Nb3 Ne7 32. Rf1 g5 33. Rxf4 gxf4 34. Nc5 a5 35. Nd3 Nd5 36. Bg2 Ne3 37. Bf3 Nc7 38. Nxf4 Nc4 39. Nd3 Kf8 40. b3 Nb6 41. Kd2 Ke7 42. Ke3 Kxe6 43. Kd4 Nd7 44. Nf4+ Ke7 45. Nd5+ Nxd5 46. Bxd5 Kd8 47. g5 hxg5 48. hxg5 1-0

[Event "Sainte Adele Superfest U2000"]
[Site "Sainte Adele CAN"]
[Date "2012.08.18"]
[Round "4"]
[White "Giroux, Robert"]
[Black "Shi, Ling Yun"]
[Result "0-1"]
[WhiteElo "1870"]
[BlackElo "1562"]
[PlyCount "132"]
[GameId "2160767909445521"]
[EventDate "2012.08.15"]
[EventType "swiss"]
[EventRounds "5"]
[EventCountry "CAN"]
[SourceTitle "EXT 2022"]
[Source "ChessBase"]
[SourceDate "2021.10.06"]
[SourceVersion "1"]
[SourceVersionDate "2021.10.06"]
[SourceQuality "1"]

1. e4 c5 2. Nf3 Nc6 3. Nc3 d6 4. d4 cxd4 5. Nxd4 g6 6. Be2 Bg7 7. Nb3 Nf6 8. O-O O-O 9. Kh1 Bd7 10. Bg5 Rc8 11. f4 a6 12. Bf3 Ne8 13. Qd2 Bxc3 14. bxc3 Ng7 15. Rad1 f6 16. Bh6 Qc7 17. c4 b6 18. c5 bxc5 19. Nxc5 dxc5 20. Qxd7 Qxd7 21. Rxd7 Rfd8 22. Rxd8+ Rxd8 23. Rd1 Rxd1+ 24. Bxd1 Ne8 25. c3 Nd6 26. Bf3 Nf7 27. e5 Ncxe5 28. fxe5 Nxh6 29. exf6 exf6 30. Bb7 a5 31. Kg1 Kf8 32. h3 Nf7 33. Bd5 Nd6 34. a4 Ke7 35. Kf2 Nc8 36. Ke3 f5 37. g4 Kf6 38. gxf5 Kxf5 39. Kf3 Ne7 40. Bb3 h5 41. Bc2+ Ke5 42. Ke3 Nf5+ 43. Kf3 g5 44. Bd3 Ne7 45. Ke3 Nd5+ 46. Kd2 Nf4 47. Bf1 g4 48. hxg4 hxg4 49. Bb5 g3 50. Ke1 Ke4 51. Kf1 Ke3 52. Kg1 Kd2 53. c4 Ke3 54. Ba6 Kf3 55. Bb7+ Kg4 56. Be4 Ne2+ 57. Kg2 Nd4 58. Bb7 Kf4 59. Bc8 Nc2 60. Be6 Ne3+ 61. Kg1 Kf3 62. Bf7 g2 63. Bh5+ Ke4 64. Bf7 Kd4 65. Kf2 Kc3 66. Bd5 Kb4 0-1

[Event "Sainte Adele Superfest U2000"]
[Site "Sainte Adele CAN"]
[Date "2012.08.18"]
[Round "4"]
[White "Marghetis, Aris"]
[Black "Girard, Sylvain"]
[Result "1-0"]
[WhiteElo "1923"]
[BlackElo "1659"]
[PlyCount "95"]
[GameId "2160767909445522"]
[EventDate "2012.08.15"]
[EventType "swiss"]
[EventRounds "5"]
[EventCountry "CAN"]
[SourceTitle "EXT 2022"]
[Source "ChessBase"]
[SourceDate "2021.10.06"]
[SourceVersion "1"]
[SourceVersionDate "2021.10.06"]
[SourceQuality "1"]

1. e4 e5 2. Nc3 Nf6 3. g3 Bb4 4. Bg2 O-O 5. Nge2 Nc6 6. O-O d6 7. a3 Bc5 8. b4 Bb6 9. Na4 Nd7 10. d3 Ne7 11. Nxb6 Nxb6 12. f4 Bd7 13. f5 f6 14. g4 Kh8 15. Be3 Nbc8 16. Qd2 Ng8 17. Ng3 Be8 18. h4 Qd7 19. Bf3 Nce7 20. Kg2 c6 21. c4 b6 22. d4 Rc8 23. Rfd1 Qc7 24. c5 d5 25. dxe5 fxe5 26. exd5 cxd5 27. Rac1 b5 28. Qf2 Bc6 29. Rc2 Rcd8 30. Bc1 Nf6 31. Bb2 d4 32. Kh3 Qb7 33. Bxc6 Qxc6 34. Re2 Qc7 35. Qe1 Nc6 36. Ne4 Nd5 37. Bc1 d3 38. Rf2 Nf4+ 39. Bxf4 exf4 40. Nd6 Rxd6 41. cxd6 Qxd6 42. Qe4 Ne5 43. Qxf4 Qd5 44. Rfd2 Rc8 45. Kg3 Rc4 46. Rxd3 Rxf4 47. Rxd5 Rf3+ 48. Kg2 1-0

[Event "Sainte Adele Superfest U2000"]
[Site "Sainte Adele CAN"]
[Date "2012.08.18"]
[Round "4"]
[White "Vanden, Ronald E"]
[Black "Brule, Daniel"]
[Result "1-0"]
[WhiteElo "1707"]
[BlackElo "1513"]
[PlyCount "41"]
[GameId "2160767909445523"]
[EventDate "2012.08.15"]
[EventType "swiss"]
[EventRounds "5"]
[EventCountry "CAN"]
[SourceTitle "EXT 2022"]
[Source "ChessBase"]
[SourceDate "2021.10.06"]
[SourceVersion "1"]
[SourceVersionDate "2021.10.06"]
[SourceQuality "1"]

1. c4 e5 2. g3 Nc6 3. Bg2 b6 4. Nc3 Bb7 5. Nf3 Nf6 6. Nxe5 Bd6 7. Nxc6 dxc6 8. O-O Qd7 9. d4 O-O-O 10. e3 g5 11. a3 h5 12. Ne4 Nxe4 13. Bxe4 f5 14. Bg2 g4 15. h4 gxh3 16. Bxh3 Rdg8 17. e4 Rg4 18. exf5 Qxf5 19. Qb3 Rhg8 20. c5 Qe4 21. Qxg8+ 1-0

[Event "Sainte Adele Superfest U2000"]
[Site "Sainte Adele CAN"]
[Date "2012.08.18"]
[Round "4"]
[White "Villeneuve, Robert"]
[Black "Maheux, Pierre"]
[Result "1-0"]
[WhiteElo "1886"]
[BlackElo "1894"]
[PlyCount "69"]
[GameId "2160767909445524"]
[EventDate "2012.08.15"]
[EventType "swiss"]
[EventRounds "5"]
[EventCountry "CAN"]
[SourceTitle "EXT 2022"]
[Source "ChessBase"]
[SourceDate "2021.10.06"]
[SourceVersion "1"]
[SourceVersionDate "2021.10.06"]
[SourceQuality "1"]

1. e4 c5 2. c3 d5 3. exd5 Qxd5 4. d4 Nc6 5. Nf3 Bg4 6. dxc5 Qxd1+ 7. Kxd1 Rd8+ 8. Ke1 e5 9. Be3 e4 10. h3 Bxf3 11. gxf3 exf3 12. Nd2 g6 13. Nxf3 Bg7 14. Rd1 Rxd1+ 15. Kxd1 Nge7 16. Bc4 O-O 17. Kc2 Na5 18. Be2 Re8 19. Bb5 Nac6 20. Rd1 Nf5 21. Bf4 a6 22. Bd3 Nce7 23. Re1 Rd8 24. Be4 Rd7 25. Bxf5 Nxf5 26. Re8+ Bf8 27. Nd4 Ng7 28. Rb8 Ne6 29. Nxe6 fxe6 30. Bh6 Rf7 31. Bxf8 Rxf8 32. Rxb7 Rxf2+ 33. Kd3 Rf3+ 34. Ke4 Rxh3 35. c6 1-0